000
00212 a2200097 4500
001
52983
100
_a
Ahmad A
245
_a
Nationalism or Islam
260
_a
New York
_b
Vantage Press
_c
090
_c
33309
_d
33309
942
_a
NUST-CAE
_c
M
_c
25902
999
_c
288056
_d
288056